Statystyki dla Quiz o Bułgarii

Kliknij tutaj aby rozwiązać quiz!

Ogólne statystyki

  • Ten quiz został rozwiązany 287 razy
  • Średni wynik to 13 z 17

Statystyki odpowiedzi

WskazówkaOdpowiedź% Poprawnych
StolicaSofia
99%
Graniczące państwaRumunia
98%
Graniczące państwaSerbia
97%
Morze, z którym graniczy BułgariaMorze Czarne
96%
Graniczące państwaGrecja
95%
Półwysep, na którym leży BułgariaBałkański
92%
Graniczące państwaMacedonia Północna
90%
Graniczące państwaTurcja
89%
Imperium, od którego Bułgaria uzyskała niepodległość w 1878 rokuImperium Osmańskie
86%
Rzeka tworząca w większości północną granicęDunaj
78%
Alfabet wynaleziony w IX wieku przez BułgarówCyrylica
73%
WalutaLew
59%
Najbardziej popularne miasto z dostępem do tego morzaWarna
58%
Bułgaria zajmuje 9 miejsce na mieszkańca pod względem spożycia...
(podpowiedź: Rakija jest bułgarską odmianą tego produktu)
Alkohol
54%
Południowa Bułgaria jest częścią starożytnego regionu na literę T o nazwieTracja
48%
Nazwij jeden z dwóch sportów, w których Bułgaria
zdobyła najwięcej medali olimpijskich
Wrestling | Podnoszenie ciężarów
37%
Smaczne jedzenie przygotowane przy pomocy Lactobacillus bulgaricusJogurt
23%

Rozkład punktacji

Percentyl według liczby udzielonych odpowiedzi

Procent ludzi z każdym wynikiem

Twoja historia wyników

Nie rozwiązałeś tego quizu